000 00563nam a22001937a 4500
003 OSt
008 200320b ||||| |||| 00| 0 eng d
020 _a9780702053269
082 _a611 WAR
100 _aWaugh, Anne
245 _aRoss and Wilson Anatomy and Physiology in Health and Illness
250 _a13th (2018)
260 _aNew Delhi
_bElsevier India
300 _aPaperback: 560 pages, Dimensions: 21.7 x 2.2 x 27.7 cm
500 _aReading level: 18+ years
650 _aHuman Anatomy and Physiology
700 _aGrant, Allison
942 _2ddc
_cBK
999 _c8618
_d8618